[Event "Detroit (MOR/1a/2)"]
[Site "?"]
[Date "1990.??.??"]
[Round "?"]
[White "Venia, Mike"]
[Black "Collins, Charles"]
[Result "0-1"]
[WhiteElo "1605"]
[BlackElo "1790"]
[PlyCount "66"]
[EventDate "1990.??.??"]

1. e4 Nf6 2. e5 Nd5 3. d4 d6 4. Nf3 Nc6 5. c4 Nb6 6. exd6 cxd6 7. Be2 Bf5 8. a3
e6 9. O-O Be7 10. Nc3 O-O 11. Bf4 Rc8 12. b4 a6 13. Rc1 d5 14. Na4 Nxa4 15.
Qxa4 dxc4 16. b5 Nxd4 17. Nxd4 Qxd4 18. Be3 Qb2 19. Bxc4 Qxa3 20. Qb3 Qxb3 21.
Bxb3 axb5 22. Bb6 Rc6 23. Rxc6 bxc6 24. Rc1 Rc8 25. Bc5 Kf8 26. Bd1 Be4 27. Be2
Rd8 28. Bxe7+ Kxe7 29. Kf1 b4 30. Bc4 Rb8 31. Bb3 Rc8 32. f3 Bd5 33. Bxd5 exd5
0-1

[Event "Detroit (MOR/3/60)"]
[Site "?"]
[Date "1990.??.??"]
[Round "?"]
[White "Venia, Matt"]
[Black "Moore, H."]
[Result "0-1"]
[WhiteElo "1605"]
[BlackElo "1605"]
[PlyCount "46"]
[EventDate "1990.??.??"]

{3/(60)} 1. e4 g6 2. d4 Bg7 3. Nf3 c6 4. Nc3 d5 5. e5 f6 6. exf6 Nxf6 7. Bf4
O-O 8. Qd2 Bg4 9. O-O-O Ne4 10. Qe3 Qa5 11. a3 Nxc3 12. bxc3 Qxa3+ 13. Kd2 Nd7
14. Be2 Qa5 15. Ng5 Bxe2 16. Qxe2 Rxf4 17. Qxe7 Rxd4+ 18. Ke3 Qxc3+ 19. Ke2
Qxc2+ 20. Kf3 Rf8+ 21. Kg3 Qxf2+ 22. Kh3 Qf5+ 23. Kg3 Qg4# 0-1

[Event "Detroit (MOR/7/48)"]
[Site "?"]
[Date "1990.??.??"]
[Round "?"]
[White "Venia, Matt"]
[Black "Carpenter, T."]
[Result "1-0"]
[WhiteElo "1605"]
[BlackElo "1605"]
[PlyCount "30"]
[EventDate "1990.??.??"]

{7/(48)} 1. e4 e5 2. Nf3 Nc6 3. Bb5 Bc5 4. Bxc6 dxc6 5. O-O Nf6 6. Nc3 Ng4 7.
d3 f6 8. Na4 Bd4 9. Nxd4 Qxd4 10. c3 Qd6 11. a3 b5 12. h3 Nh6 13. Bxh6 gxh6 14.
Qh5+ Kf8 15. Qxh6+ Kf7 {[Remainder unavailable]} 1-0

[Event "Detroit (MOR/4/60)"]
[Site "?"]
[Date "1990.??.??"]
[Round "?"]
[White "Venia, Matt"]
[Black "Carpenter, O."]
[Result "0-1"]
[WhiteElo "1605"]
[BlackElo "1605"]
[PlyCount "30"]
[EventDate "1990.??.??"]

{4/(60)} 1. e4 c5 2. Nf3 d6 3. Bc4 Nf6 4. Nc3 Nc6 5. O-O g6 6. Bb5 Bd7 7. d4
cxd4 8. Nxd4 a6 9. Nxc6 bxc6 10. Bc4 Bg7 11. Be3 O-O 12. Na4 c5 13. b4 Bxa4 14.
bxc5 Nxe4 15. Rb1 Nc3 0-1

[Event "Detroit (MOR/1a/26)"]
[Site "?"]
[Date "1990.??.??"]
[Round "?"]
[White "Venia, Matt"]
[Black "Carpenter, George"]
[Result "0-1"]
[WhiteElo "1605"]
[BlackElo "1605"]
[PlyCount "60"]
[EventDate "1990.??.??"]

1. e4 d6 2. d4 Nf6 3. Nc3 g6 4. Nf3 Bg7 5. Be3 O-O 6. Bd3 c6 7. Qd2 Nbd7 8. O-O
Qc7 9. Bh6 b5 10. Bxg7 Kxg7 11. Rfe1 Bb7 12. e5 dxe5 13. dxe5 Ng4 14. e6 fxe6
15. Rxe6 Nc5 16. Ree1 Rxf3 17. Kf1 Rxf2+ 18. Qxf2 Nxf2 19. Kxf2 Nxd3+ 20. cxd3
Rf8+ 21. Kg1 Qb6+ 22. Kh1 Qf2 23. Rg1 Qxb2 24. Ne4 c5 25. Nxc5 Bxg2+ 26. Rxg2
Qxa1+ 27. Rg1 Rf1 28. h3 Rxg1+ 29. Kh2 Qe1 30. a3 Qg3# 0-1

[Event "Detroit (MI Op/3/44)"]
[Site "?"]
[Date "1990.??.??"]
[Round "?"]
[White "Vaughn, Gerald"]
[Black "Kung, Fred"]
[Result "0-1"]
[WhiteElo "1605"]
[BlackElo "1870"]
[PlyCount "92"]
[EventDate "1990.??.??"]

{3/(44)} 1. e4 e6 2. d4 d5 3. Nd2 c5 4. c3 Nc6 5. Ngf3 Qb6 6. Qa4 Bd7 7. Bb5
Rc8 8. O-O a6 9. Bxc6 Bxc6 10. Qc2 Be7 11. e5 Nh6 12. Re1 O-O 13. Nf1 Nf5 14.
Be3 c4 15. Ng5 g6 16. Nf3 Qd8 17. h3 b5 18. N1h2 b4 19. Ng4 Nxe3 20. Rxe3 Rb8
21. Nfh2 h5 22. Nf6+ Bxf6 23. exf6 Qxf6 24. Nf3 Rfc8 25. Ne5 Be8 26. Rf3 Qg7
27. Re1 Rb7 28. Rg3 Rcb8 29. Ree3 bxc3 30. bxc3 Rb2 31. Nxg6 fxg6 32. Rxg6 Rxc2
33. Rxg7+ Kxg7 34. Rxe6 Rb1+ 35. Kh2 Bb5 36. Kg3 Rbb2 37. Re7+ Kf6 38. Rh7 Kg6
39. Rh8 Rxf2 40. Kh4 Rxg2 41. Rxh5 Rbe2 42. Re5 Re4+ 43. Rxe4 dxe4 44. d5 e3
45. d6 e2 46. d7 e1=Q# 0-1

[Event "Detroit (MI Op/5/46)"]
[Site "?"]
[Date "1990.??.??"]
[Round "?"]
[White "Vaughn, Gerald"]
[Black "Kornhauser, M."]
[Result "0-1"]
[WhiteElo "1605"]
[BlackElo "1825"]
[PlyCount "34"]
[EventDate "1990.??.??"]

{5/(46)} 1. d4 Nf6 2. c4 g6 3. Nf3 Bg7 4. Bf4 d6 5. Nc3 O-O 6. Qd2 Nbd7 7. Bh6
e5 8. d5 Nc5 9. Bxg7 Kxg7 10. Qc2 Bf5 11. e4 Nfxe4 12. Bd3 Nxd3+ 13. Ke2 Nexf2
14. Qd2 Nxh1 15. Rxh1 e4 16. Nd4 Bg4+ 17. Ke3 Qg5+ 0-1

[Event "Detroit (MI Op/1a/25)"]
[Site "?"]
[Date "1990.??.??"]
[Round "?"]
[White "Vaughn, Gerald"]
[Black "Hendricks, Marcus"]
[Result "0-1"]
[WhiteElo "1605"]
[BlackElo "2015"]
[PlyCount "84"]
[EventDate "1990.??.??"]

1. e4 c5 2. Nf3 e6 3. c3 Nf6 4. e5 Nd5 5. d4 Nc6 6. Nbd2 cxd4 7. cxd4 Bb4 8. a3
Qa5 9. Rb1 Be7 10. Be2 d6 11. O-O dxe5 12. Nxe5 Nxd4 13. Ndc4 Nxe2+ 14. Qxe2
Qc7 15. Qf3 O-O 16. Nd3 Qxc4 17. Re1 b6 18. Re4 Qc2 19. Ra1 Bb7 20. Re2 Qd1+
21. Ne1 Rac8 22. Qd3 Qxd3 23. Nxd3 Ba6 24. Rd2 Bg5 25. Rd1 Bxc1 26. Nxc1 Rc2
27. b4 Rfc8 28. Nb3 h6 29. h3 Nc3 30. Rd7 Ne2+ 31. Kh2 Rb2 32. Rxa7 Bd3 33. Nd4
Nxd4 34. Rd1 Nb5 35. Ra6 Be4 36. f3 Bxf3 37. Rg1 Rcc2 38. Rxb6 Rxg2+ 39. Rxg2
Rxg2+ 40. Kh1 Nc3 41. Rd6 Ne4 42. Rd1 Ng3# 0-1

[Event "Lansing (Apr)"]
[Site "?"]
[Date "1990.??.??"]
[Round "?"]
[White "Vangilder, W."]
[Black "Wolak, K."]
[Result "1/2-1/2"]
[WhiteElo "1605"]
[BlackElo "1605"]
[PlyCount "116"]
[EventDate "1990.??.??"]

1. e4 e5 2. Nf3 Nc6 3. Bc4 Bc5 4. c3 Nf6 5. d4 exd4 6. cxd4 Bb4+ 7. Bd2 Bxd2+
8. Nbxd2 d5 9. Bb5 dxe4 10. Ne5 Qxd4 11. Ndf3 Qxd1+ 12. Rxd1 exf3 13. Nxc6 Bd7
14. Nd4 O-O 15. Bxd7 Nxd7 16. O-O Ne5 17. Nxf3 Nxf3+ 18. gxf3 a5 19. Rd7 Rac8
20. Rc1 g6 21. Rcxc7 Rxc7 22. Rxc7 b5 23. Rb7 b4 24. Ra7 Rd8 25. Rxa5 b3 26. a4
Rd2 27. Rb5 Rxb2 28. a5 Ra2 29. a6 Rxa6 30. Rxb3 Ra4 31. Rb5 h5 32. Kg2 g5 33.
Rxg5+ Kh7 34. Rxh5+ Kg6 35. Rd5 f5 36. Rd6+ Kg5 37. Rd5 Kf4 38. h4 Ra3 39. Rd4+
Ke5 40. Rc4 Ra8 41. Rc5+ Kf6 42. f4 Rg8+ 43. Kh3 Rg4 44. Rc6+ Kg7 45. h5 Rxf4
46. Kg3 Rg4+ 47. Kh3 Rf4 48. Rg6+ Kh7 49. Kg3 Rg4+ 50. Rxg4 fxg4 51. Kxg4 Kh6
52. f4 Kg7 53. f5 Kh6 54. f6 Kh7 55. Kg5 Kg8 56. Kg6 Kh8 57. h6 Kg8 58. h7+ Kh8
1/2-1/2

[Event "Lansing (MI Am/5/30)"]
[Site "?"]
[Date "1990.??.??"]
[Round "?"]
[White "Vangilder, W."]
[Black "Sujarit, A."]
[Result "0-1"]
[WhiteElo "1605"]
[BlackElo "1605"]
[PlyCount "68"]
[EventDate "1990.??.??"]

{5/(30)} 1. e4 e5 2. Nf3 Nc6 3. Bc4 Nf6 4. c3 d5 5. Bb5 Nxe4 6. Bxc6+ bxc6 7.
Nxe5 Qg5 8. Qf3 Qxe5 9. d4 Qe6 10. O-O Bd6 11. Re1 O-O 12. Nd2 Nxd2 13. Bxd2
Qg6 14. h3 Bb7 15. Bf4 Qf6 16. Bg3 Qxf3 17. gxf3 Rfe8 18. Red1 Kf8 19. Rd2 Ba6
20. Rb1 Re6 21. f4 Rae8 22. f3 Re2 23. Rdd1 R8e3 24. Re1 Rxf3 25. Rxe2 Bxe2 26.
Kg2 Bxf4 27. Bxf4 Rxf4 28. Re1 Bd3 29. Re3 Be4+ 30. Kg3 Rf1 31. Kh4 Rf2 32. Re1
Rg2 33. a4 g5+ 34. Kh5 Rg3 0-1

[Event "Flint (Class DEU/1)"]
[Site "?"]
[Date "1990.??.??"]
[Round "?"]
[White "Vangilder, W."]
[Black "Short, T."]
[Result "0-1"]
[WhiteElo "1605"]
[BlackElo "1605"]
[PlyCount "56"]
[EventDate "1990.??.??"]

1. d4 d5 2. c4 Nf6 3. Nc3 e6 4. Bg5 Be7 5. e3 h6 6. Bxf6 Bxf6 7. Bd3 O-O 8.
Nge2 dxc4 9. Bxc4 c6 10. O-O b5 11. Bb3 a5 12. a4 b4 13. Ne4 Be7 14. Qc2 Bb7
15. Rfd1 Na6 16. Rac1 Rc8 17. Nc5 Qc7 18. Qd3 Nxc5 19. dxc5 Rfd8 20. Nd4 e5 21.
Bc2 g6 22. Ne6 Rxd3 23. Nxc7 Rxd1+ 24. Rxd1 Rxc7 25. Bb3 Bxc5 26. Kf1 Kg7 27.
Ke2 f5 28. Rc1 Ba7 0-1

[Event "Flint (Class DEU/4)"]
[Site "?"]
[Date "1990.??.??"]
[Round "?"]
[White "Vangilder, W."]
[Black "Patterson, S."]
[Result "1-0"]
[WhiteElo "1605"]
[BlackElo "1605"]
[PlyCount "53"]
[EventDate "1990.??.??"]

1. d4 d5 2. c4 c6 3. Nc3 Nf6 4. Bg5 h6 5. Bh4 e6 6. e3 Be7 7. Bd3 Na6 8. a3 Bd7
9. Nf3 Qc7 10. c5 Qb8 11. b4 Qc8 12. O-O g5 13. Bg3 Nh5 14. Ne5 Nf6 15. Qc2 Nc7
16. f3 Nb5 17. Rf2 h5 18. h3 h4 19. Bh2 Nh5 20. Ne2 Ng7 21. Ng4 f5 22. Be5 Bf8
23. a4 Nc7 24. Raf1 fxg4 25. fxg4 Na6 26. Bg6+ Ke7 27. Bf6# 1-0

[Event "Detroit (MOR/2/52)"]
[Site "?"]
[Date "1990.??.??"]
[Round "?"]
[White "Vangilder, W."]
[Black "James, Larry"]
[Result "0-1"]
[WhiteElo "1605"]
[BlackElo "1605"]
[PlyCount "88"]
[EventDate "1990.??.??"]

{2/(52)} 1. e4 c5 2. Nf3 d6 3. d4 cxd4 4. Nxd4 Nf6 5. Nc3 a6 6. Bg5 e6 7. a4
Be7 8. Bc4 Nxe4 9. Bxe7 Nxc3 10. Bxd8 Nxd1 11. Rxd1 Kxd8 12. O-O d5 13. Bd3 Bd7
14. b3 Nc6 15. c3 g6 16. Rfe1 Nxd4 17. cxd4 Ke7 18. Rc1 Rhc8 19. a5 Rc6 20. Rc5
Rac8 21. b4 b6 22. Bxa6 bxc5 23. Bxc8 Bxc8 24. b5 Rc7 25. Rc1 Kd6 26. a6 cxd4
27. Rxc7 Kxc7 28. a7 Bb7 29. Kf1 Kb6 30. Ke2 Kxa7 31. Kd3 e5 32. f4 f6 33. fxe5
fxe5 34. g4 Kb6 35. g5 Kxb5 36. h4 Kc5 37. Ke2 Kc4 38. Kd2 e4 39. h5 e3+ 40.
Kd1 Kc3 41. hxg6 hxg6 42. Ke1 Kc2 43. Ke2 d3+ 44. Ke1 d2+ 0-1

[Event "Lansing (Apr)"]
[Site "?"]
[Date "1990.??.??"]
[Round "?"]
[White "Vangilder, W."]
[Black "Haack, J."]
[Result "1-0"]
[WhiteElo "1605"]
[BlackElo "1605"]
[PlyCount "25"]
[EventDate "1990.??.??"]

1. e4 e5 2. Nf3 Nc6 3. Bc4 Nge7 4. d4 f6 5. dxe5 Nxe5 6. Nxe5 fxe5 7. Bg5 c6 8.
O-O h6 9. Bh4 g5 10. Qh5+ Ng6 11. Qxg6+ Ke7 12. Bg3 d6 13. Qf7# 1-0

[Event "Lansing (MI Am/4/42)"]
[Site "?"]
[Date "1990.??.??"]
[Round "?"]
[White "Vangilder, W."]
[Black "Fletcher, G."]
[Result "1-0"]
[WhiteElo "1605"]
[BlackElo "1605"]
[PlyCount "53"]
[EventDate "1990.??.??"]

{4/(42)} 1. e4 e5 2. Nf3 Nc6 3. Bb5 a6 4. Ba4 Nf6 5. d3 b5 6. Bb3 Na5 7. c3
Nxb3 8. axb3 d5 9. exd5 Nxd5 10. O-O Bd6 11. Re1 f6 12. Bd2 O-O 13. h3 Re8 14.
Qc2 Bf8 15. c4 Nf4 16. Bxf4 exf4 17. Rxe8 Qxe8 18. Nc3 Bd7 19. Nd5 Bc5 20. Nxf4
g5 21. Nh5 Kf7 22. Qc3 Be7 23. Ne5+ fxe5 24. Qxe5 Kg6 25. Qg7+ Kxh5 26. g4+
Bxg4 27. Qxh7# 1-0

[Event "Lansing (Feb)"]
[Site "?"]
[Date "1990.??.??"]
[Round "?"]
[White "Vangilder, W."]
[Black "Draper, M."]
[Result "1-0"]
[WhiteElo "1605"]
[BlackElo "1605"]
[PlyCount "41"]
[EventDate "1990.??.??"]

1. e4 e5 2. Nf3 Nf6 3. Nc3 d6 4. Bc4 c6 5. d3 Bg4 6. O-O Qd7 7. Be3 h5 8. d4 h4
9. dxe5 h3 10. exf6 hxg2 11. Re1 Rh3 12. Be2 gxf6 13. Nd4 Rh4 14. Nf3 Bxf3 15.
Bxf3 Qh3 16. Bf4 Rxf4 17. Bg4 Rxg4 18. Re3 Qh4 19. Nd5 cxd5 20. Qxd5 Qxh2+ 21.
Kxh2 1-0

[Event "Lansing (MI Am/2/50)"]
[Site "?"]
[Date "1990.??.??"]
[Round "?"]
[White "Vangilder, W."]
[Black "Collins, Devontia"]
[Result "0-1"]
[WhiteElo "1605"]
[BlackElo "1605"]
[PlyCount "40"]
[EventDate "1990.??.??"]

{2/(50)} 1. e4 d5 2. exd5 Qxd5 3. Nc3 Qd8 4. Nf3 g6 5. h3 Nf6 6. Bc4 Bg7 7. O-O
O-O 8. d4 Nbd7 9. Nh2 Nb6 10. Qd3 Nxc4 11. Qxc4 Bf5 12. Qe2 Bd7 13. Re1 e6 14.
Bg5 Bc6 15. Rad1 Qd7 16. Bxf6 Bxf6 17. Ne4 Bg7 18. c3 Qd5 19. Ng4 f5 20. Ng5
Qxg2# 0-1

[Event "Lansing (Mini-Swiss.6/2)"]
[Site "?"]
[Date "1990.??.??"]
[Round "?"]
[White "Vangilder, W."]
[Black "Ama, T."]
[Result "0-1"]
[WhiteElo "1605"]
[BlackElo "1605"]
[PlyCount "72"]
[EventDate "1990.??.??"]

{6/(2)} 1. e4 e5 2. Nf3 Nc6 3. Bc4 Nf6 4. Nc3 Bb4 5. Nd5 Nxe4 6. Nxb4 Nxb4 7.
O-O d5 8. Bb5+ c6 9. Ba4 Bg4 10. Qe2 Bxf3 11. Qxf3 O-O 12. d3 Nc5 13. a3 Nba6
14. Qg4 f5 15. Qe2 Nxa4 16. Qxe5 Nc7 17. b3 Nb6 18. Bb2 Qd7 19. Rfe1 Rae8 20.
Qg3 f4 21. Qg5 Rxe1+ 22. Rxe1 Ne6 23. Qg4 Re8 24. h4 d4 25. Re4 c5 26. Bc1 Nd5
27. g3 Nf6 28. Qh3 Nxe4 29. dxe4 fxg3 30. fxg3 d3 31. Qg2 dxc2 32. Qxc2 Rf8 33.
Kg2 b6 34. Qc4 Kh8 35. b4 Qf7 36. Bf4 Nxf4+ 0-1

[Event "Lansing (MI Am/1/44)"]
[Site "?"]
[Date "1990.??.??"]
[Round "?"]
[White "Vangilder, K."]
[Black "Sundeen, David"]
[Result "0-1"]
[WhiteElo "1605"]
[BlackElo "1705"]
[PlyCount "38"]
[EventDate "1990.??.??"]

{1/(44)} 1. e4 e5 2. Nf3 Nf6 3. Bc4 Nc6 4. O-O Nxe4 5. Bd5 Nf6 6. Bxc6 bxc6 7.
Nxe5 Bd6 8. Nc4 O-O 9. Nc3 Ba6 10. a3 Bxc4 11. d3 Be6 12. Bg5 h6 13. Bxf6 Qxf6
14. Ne4 Qg6 15. Nxd6 cxd6 16. Re1 Rab8 17. Re4 Rxb2 18. Rb1 Rfb8 19. Qg4 Bxg4
0-1

[Event "Lansing (Mini-Swiss.6/2)"]
[Site "?"]
[Date "1990.??.??"]
[Round "?"]
[White "Vangilder, K."]
[Black "Lenning, B."]
[Result "0-1"]
[WhiteElo "1605"]
[BlackElo "1605"]
[PlyCount "108"]
[EventDate "1990.??.??"]

{6/(2)} 1. e4 c6 2. Nf3 d5 3. Nc3 dxe4 4. Nxe4 Nd7 5. d4 Ngf6 6. Bd3 Nxe4 7.
Bxe4 Nf6 8. Qd3 g6 9. Bg5 Bg7 10. O-O O-O 11. c4 Nxe4 12. Qxe4 Bf5 13. Qe3 Qb6
14. Ne5 f6 15. Bh4 fxe5 16. Bxe7 Rfe8 17. c5 exd4 18. cxb6 dxe3 19. Bc5 axb6
20. Bxe3 b5 21. Rad1 Rxa2 22. Rd2 Rxb2 23. Rxb2 Bxb2 24. Rd1 Re7 25. Rd2 Rd7
26. Rxd7 Bxd7 27. g3 b4 28. Kf1 Bg4 29. Ke1 Bc3+ 30. Bd2 Bxd2+ 31. Kxd2 Bf5 32.
Kc1 c5 33. f3 c4 34. g4 Bd3 35. h4 b3 36. Kb2 b5 37. f4 b4 38. h5 c3+ 39. Kxb3
c2 40. Kb2 gxh5 41. gxh5 Kg7 42. Kc1 Kf6 43. Kd2 Kf5 44. h6 Kxf4 45. Kc1 Kg5
46. Kd2 Kxh6 47. Kc1 Kg5 48. Kd2 h5 49. Kc1 h4 50. Kd2 h3 51. Kc1 h2 52. Kb2
h1=Q 53. Kb3 c1=Q 54. Ka4 Qa3# 0-1

[Event "Lansing (MI Am/4/49)"]
[Site "?"]
[Date "1990.??.??"]
[Round "?"]
[White "Vangilder, K."]
[Black "Dowling, James"]
[Result "0-1"]
[WhiteElo "1605"]
[BlackElo "1605"]
[PlyCount "84"]
[EventDate "1990.??.??"]

{4/(49)} 1. e4 c5 2. Nf3 Nc6 3. Nc3 e6 4. d4 cxd4 5. Nxd4 Nf6 6. Bg5 Be7 7.
Nxc6 bxc6 8. e5 Nd5 9. Nxd5 Bxg5 10. Nc3 Rb8 11. Qd6 Rxb2 12. Ne4 Be7 13. Qd4
Qa5+ 14. Nd2 Rb4 15. Qc3 O-O 16. a3 Ra4 17. Qxa5 Rxa5 18. Rb1 Rxe5+ 19. Be2 Ba6
20. c4 Bc5 21. Nf3 Re4 22. Nd2 Re5 23. Nf3 Rxe2+ 24. Kxe2 Bxc4+ 25. Kd1 Bxa3
26. Ne5 Bd5 27. Nxd7 Rd8 28. Ne5 Bxg2+ 29. Ke1 Bxh1 30. f3 h6 31. Nxc6 Rd3 32.
Ne7+ Kh7 33. Ke2 Rxf3 34. Rxh1 Rc3 35. Kd2 Rc7 36. Nd5 exd5 37. Rf1 d4 38. Kd3
Bb2 39. Rd1 Bc3 40. Rc1 a5 41. h4 a4 42. Ra1 Bxa1 0-1

[Event "Lansing (Feb)"]
[Site "?"]
[Date "1990.??.??"]
[Round "?"]
[White "Vangilder, K."]
[Black "Cunningham, J."]
[Result "1-0"]
[WhiteElo "1605"]
[BlackElo "1605"]
[PlyCount "49"]
[EventDate "1990.??.??"]

1. e4 e5 2. d4 exd4 3. Qxd4 Nc6 4. Qe3 d6 5. Bb5 Bd7 6. Nc3 a6 7. Bxc6 Bxc6 8.
e5 Qe7 9. Nf3 Bxf3 10. Qxf3 Qxe5+ 11. Ne2 Nf6 12. Qxb7 Rd8 13. Bg5 Qxg5 14. O-O
Be7 15. Nd4 O-O 16. Nc6 Rde8 17. Qxc7 Nd5 18. Qd7 Bf6 19. Rae1 Rxe1 20. Rxe1
Nf4 21. g3 Bxb2 22. Qe8 Nh3+ 23. Kf1 h6 24. Ne7+ Kh7 25. Qxf8 1-0

[Event "Lansing (MI Am/3/47)"]
[Site "?"]
[Date "1990.??.??"]
[Round "?"]
[White "Vangilder, K."]
[Black "Cunningham, J."]
[Result "0-1"]
[WhiteElo "1605"]
[BlackElo "1605"]
[PlyCount "112"]
[EventDate "1990.??.??"]

{3/(47)} 1. e4 e5 2. Nf3 d6 3. Nc3 Bg4 4. Be2 Bxf3 5. Bxf3 Nd7 6. d3 h6 7. O-O
Ngf6 8. Nd5 Nxd5 9. exd5 Nf6 10. Re1 Be7 11. d4 Nd7 12. Bg4 Bf6 13. Bxd7+ Qxd7
14. Bf4 O-O-O 15. dxe5 g5 16. exf6 gxf4 17. Re7 Qf5 18. Rxf7 Rhg8 19. g3 Qg6
20. Re7 Qxf6 21. Qe2 fxg3 22. hxg3 Qxb2 23. Rd1 Qb6 24. Re1 Rxg3+ 25. Kh2 Rgg8
26. Qe6+ Kb8 27. Qxg8 Qxf2+ 28. Kh3 Qf3+ 29. Kh4 Qf2+ 30. Kh5 Qh2+ 31. Kg6
Rxg8+ 32. Kf7 Rc8 33. Re8 Qh5+ 34. Kf8 Qf5+ 35. Kg7 Qg5+ 36. Kf7 Qxd5+ 37. Kf8
Qf5+ 38. Kg7 Qg5+ 39. Kf7 Qf4+ 40. Kg7 b6 41. R1e4 Qg5+ 42. Kf7 Qf5+ 43. Kg7
Rxe8 44. Rxe8+ Kb7 45. Rf8 Qxc2 46. Kxh6 Qxa2 47. Kg6 d5 48. Rd8 Qg2+ 49. Kf6
Qf2+ 50. Ke6 d4 51. Ke7 a5 52. Ke6 a4 53. Ke5 Qe3+ 54. Kd5 Qg5+ 55. Kc4 Qxd8
56. Kb4 d3 0-1

[Event "Lansing (Feb)"]
[Site "?"]
[Date "1990.??.??"]
[Round "?"]
[White "Vangilder, J."]
[Black "Ford, S."]
[Result "0-1"]
[WhiteElo "1605"]
[BlackElo "1605"]
[PlyCount "130"]
[EventDate "1990.??.??"]

1. e4 c6 2. d3 d5 3. Nc3 Nf6 4. Bg5 e5 5. Bxf6 gxf6 6. g3 dxe4 7. Nxe4 Bg7 8.
Bg2 h5 9. Nf3 f5 10. Neg5 e4 11. Nxf7 Kxf7 12. Ng5+ Qxg5 13. O-O Bxb2 14. Rb1
Qf6 15. dxe4 fxe4 16. Bxe4 Bg4 17. Qd3 Rd8 18. Qc4+ Be6 19. Qe2 Bg4 20. Qe3 Bd4
21. Qd3 Bxf2+ 22. Rxf2 Rxd3 23. Rxf6+ Kxf6 24. Bxd3 b6 25. Rf1+ Ke5 26. Re1+
Kd4 27. Re4+ Kd5 28. Kf2 c5 29. Ke3 Bf5 30. Bc4+ Kd6 31. Rh4 Bg4 32. h3 Bd1 33.
g4 hxg4 34. hxg4 Bxc2 35. Rh6+ Kc7 36. Bd5 Na6 37. Bxa8 Nb4 38. g5 Nxa2 39. g6
Bxg6 40. Rxg6 a5 41. Rc6+ Kb8 42. Bb7 Kxb7 43. Re6 Ka6 44. Kd3 Kb5 45. Re4 Nb4+
46. Kc3 a4 47. Rc4 a3 48. Kb3 a2 49. Rc1 c4+ 50. Kb2 Nd3+ 51. Kxa2 Nxc1+ 52.
Kb2 Nd3+ 53. Kc3 Kc5 54. Kd2 Kd4 55. Kc2 c3 56. Kd1 Kc4 57. Kc2 Nb4+ 58. Kc1
Kb3 59. Kb1 c2+ 60. Kc1 Na2+ 61. Kd2 c1=Q+ 62. Kd3 Qc4+ 63. Ke3 Nc3 64. Kd2
Qe2+ 65. Kc1 Qc2# 0-1

[Event "Lansing (Feb)"]
[Site "?"]
[Date "1990.??.??"]
[Round "?"]
[White "Vangilder, J."]
[Black "Bohnhorst, B."]
[Result "0-1"]
[WhiteElo "1605"]
[BlackElo "1605"]
[PlyCount "64"]
[EventDate "1990.??.??"]

1. e4 c6 2. Bc4 d5 3. Bb3 e6 4. Qf3 a5 5. Nh3 a4 6. Qf4 axb3 7. Ng5 f6 8. Nxe6
Bxe6 9. cxb3 Bd6 10. Qh4 Nd7 11. Qh5+ g6 12. Qe2 Nh6 13. d3 Nf7 14. g3 O-O 15.
O-O Re8 16. Nc3 d4 17. Na4 b5 18. Bf4 bxa4 19. Bxd6 Nxd6 20. bxa4 Rxa4 21. Qd1
Rxa2 22. Rc1 Qb6 23. Rc2 Rxb2 24. Qc1 Rxc2 25. Qxc2 Rb8 26. Qe2 Ne5 27. h4 Qb2
28. Qd1 Bh3 29. Re1 Ng4 30. Re2 Qxe2 31. Qxe2 Rb1+ 32. Qe1 Rxe1# 0-1

[Event "Lansing (Mini-Swiss.2/3)"]
[Site "?"]
[Date "1990.??.??"]
[Round "?"]
[White "Vangilder, D."]
[Black "Vandenburg, V.E."]
[Result "1-0"]
[WhiteElo "1605"]
[BlackElo "1625"]
[PlyCount "21"]
[EventDate "1990.??.??"]

{2/(3)} 1. e4 e6 2. Nf3 a6 3. d4 b5 4. c4 Bb7 5. d5 Bc5 6. a3 Nf6 7. Nc3 Ng4 8.
Nd4 e5 9. Qxg4 O-O 10. Nf5 Kh8 11. Qxg7# 1-0

[Event "Lansing (Mini-Swiss.2/2)"]
[Site "?"]
[Date "1990.??.??"]
[Round "?"]
[White "Vangilder, D."]
[Black "Saulmon, Scott"]
[Result "0-1"]
[WhiteElo "1605"]
[BlackElo "1660"]
[PlyCount "70"]
[EventDate "1990.??.??"]

{2/(2)} 1. e4 d5 2. exd5 Nf6 3. Nc3 Nxd5 4. Nxd5 Qxd5 5. Nf3 Bg4 6. Be2 Nc6 7.
O-O e5 8. c3 O-O-O 9. d4 exd4 10. Nxd4 Bxe2 11. Qxe2 Nxd4 12. cxd4 Qxd4 13. Be3
Qa4 14. b3 Qa5 15. Rad1 g6 16. Rxd8+ Kxd8 17. Rd1+ Bd6 18. Qb2 Re8 19. Qf6+ Kd7
20. Qb2 Qh5 21. Qd4 Qxh2+ 22. Kf1 Qh1+ 23. Ke2 Qxg2 24. Qa4+ Qc6 25. Qxc6+ Kxc6
26. Kf3 h5 27. Rd4 f6 28. a4 g5 29. b4 h4 30. b5+ Kd7 31. Kg4 Kc8 32. Bxg5 fxg5
33. Kxg5 h3 34. Rh4 h2 35. f4 Be7+ 0-1

[Event "Lansing (Mini-Swiss.4/3)"]
[Site "?"]
[Date "1990.??.??"]
[Round "?"]
[White "Vangilder, D."]
[Black "McCarter, Robert"]
[Result "1-0"]
[WhiteElo "1635"]
[BlackElo "1715"]
[PlyCount "49"]
[EventDate "1990.??.??"]

{4/(3)} 1. e4 c5 2. Nf3 Nc6 3. Bb5 g6 4. Nc3 Bg7 5. Bxc6 bxc6 6. e5 Qc7 7. d4
cxd4 8. Qxd4 e6 9. O-O Ne7 10. Ne4 O-O 11. Nf6+ Bxf6 12. exf6 Nf5 13. Qf4 Qxf4
14. Bxf4 h5 15. Rad1 d5 16. h3 Rd8 17. Rd3 Ba6 18. Rb3 Bxf1 19. Kxf1 c5 20. Rb7
Nd6 21. Bxd6 Rxd6 22. Ne5 Rdd8 23. Rxf7 Rf8 24. Rg7+ Kh8 25. Nxg6# 1-0

[Event "Lansing (Feb)"]
[Site "?"]
[Date "1990.??.??"]
[Round "?"]
[White "Vangilder, D."]
[Black "Jackson, Don"]
[Result "1-0"]
[WhiteElo "1605"]
[BlackElo "1605"]
[PlyCount "45"]
[EventDate "1990.??.??"]

1. d4 d5 2. c4 c6 3. Nc3 Nf6 4. Nf3 e6 5. Bg5 Nbd7 6. e3 Bd6 7. Bd3 O-O 8. O-O
b6 9. cxd5 exd5 10. e4 Qc7 11. e5 Ne4 12. Nxe4 dxe4 13. Bxe4 Bb4 14. Rc1 Bb7
15. a3 f6 16. Qb3+ Kh8 17. Qxb4 c5 18. dxc5 Bxe4 19. cxb6 Qb7 20. Rc7 a5 21.
Qe7 Qxb6 22. Rxd7 Rg8 23. exf6 1-0

[Event "Lansing (MI Am/4/48)"]
[Site "?"]
[Date "1990.??.??"]
[Round "?"]
[White "Vangilder, D."]
[Black "Crimmins, M."]
[Result "1/2-1/2"]
[WhiteElo "1605"]
[BlackElo "1605"]
[PlyCount "107"]
[EventDate "1990.??.??"]

{4/(48)} 1. d4 Nf6 2. c4 g6 3. Nc3 d5 4. Nf3 Bg7 5. e3 O-O 6. Bd3 b6 7. O-O
dxc4 8. Bxc4 Bb7 9. Re1 e6 10. e4 Qe7 11. a3 Nbd7 12. Bg5 h6 13. Bh4 Rad8 14.
e5 Bxf3 15. Qxf3 g5 16. Bg3 Nh7 17. Qe4 f5 18. exf6 Rxf6 19. Nd5 Qf8 20. Nxf6+
Nhxf6 21. Qxe6+ Kh8 22. Qf5 Nh5 23. Qxf8+ Rxf8 24. Be5 Nxe5 25. dxe5 Nf4 26. g3
Ng6 27. e6 Ne5 28. Bd5 Re8 29. Rad1 c6 30. Bg2 Rxe6 31. Rd8+ Kh7 32. Be4+ Ng6
33. Bxg6+ Rxg6 34. Re7 a5 35. Kf1 h5 36. a4 Kh6 37. b3 Bf6 38. Rde8 Bxe7 39.
Rxe7 Rd6 40. Ke2 Kg6 41. Re3 Kf5 42. h3 Rd5 43. Rc3 c5 44. Rd3 Rd4 45. Rxd4
cxd4 46. Kd3 Ke5 47. f3 Kd5 48. f4 g4 49. h4 Kc5 50. f5 Kd5 51. f6 Ke6 52. f7
Kxf7 53. Kxd4 Ke6 54. Ke4 1/2-1/2

[Event "Lansing (MI Am/2/46)"]
[Site "?"]
[Date "1990.??.??"]
[Round "?"]
[White "Vangilder, D."]
[Black "Cain, B."]
[Result "0-1"]
[WhiteElo "1605"]
[BlackElo "1605"]
[PlyCount "102"]
[EventDate "1990.??.??"]

{2/(46)} 1. e4 e6 2. d4 d5 3. e5 c5 4. Nf3 Nc6 5. Bb5 Qb6 6. Bxc6+ bxc6 7. O-O
Ne7 8. dxc5 Qxc5 9. Be3 Qb5 10. b3 Ng6 11. Nd4 Qb6 12. Nf3 Be7 13. Nbd2 O-O 14.
c4 f6 15. Bd4 c5 16. Bc3 d4 17. Bb2 fxe5 18. Ne4 Bb7 19. Neg5 Bxf3 20. Nxf3
Rad8 21. Re1 Qc6 22. Nxe5 Nxe5 23. Rxe5 Bf6 24. Re1 e5 25. f3 d3 26. Bxe5 Bxe5
27. Rxe5 Rfe8 28. Rxe8+ Qxe8 29. Qd2 Qe2 30. Qxe2 dxe2 31. Kf2 Rd1 32. Kxe2
Rxa1 33. a4 Ra2+ 34. Ke3 Kf7 35. Ke4 Ke6 36. f4 g6 37. g4 Rxh2 38. f5+ gxf5+
39. gxf5+ Kf6 40. Kd5 Kxf5 41. Kxc5 Rh6 42. b4 Ke5 43. b5 Rf6 44. a5 Ke4 45. b6
Rf5+ 46. Kb4 axb6 47. axb6 Kd4 48. b7 Rf8 49. c5 Kd5 50. Kb5 Rb8 51. Kb6 Rxb7+
0-1